Living with hepatitis C : (Record no. 3716)
[ view plain ]
| 000 -LEADER | |
|---|---|
| fixed length control field | 00644cam a22002054a 4500 |
| 001 - CONTROL NUMBER | |
| control field | 1685566 |
| 005 - DATE AND TIME OF LATEST TRANSACTION | |
| control field | 20250209102428.0 |
| 008 - FIXED-LENGTH DATA ELEMENTS--GENERAL INFORMATION | |
| fixed length control field | 990324s1999 nyua b 001 0 eng |
| 020 ## - INTERNATIONAL STANDARD BOOK NUMBER | |
| International Standard Book Number | 9781578260348 |
| 050 00 - LIBRARY OF CONGRESS CALL NUMBER | |
| Classification number | RC848.H425 |
| Item number | E95 1999 |
| 082 00 - DEWEY DECIMAL CLASSIFICATION NUMBER | |
| Classification number | 362.1/963623 |
| Edition information | 21 |
| 100 1# - MAIN ENTRY--PERSONAL NAME | |
| Personal name | Everson, Gregory T., |
| Dates associated with a name | 1950- |
| 245 10 - TITLE STATEMENT | |
| Title | Living with hepatitis C : |
| Remainder of title | a survivor's guide / |
| Statement of responsibility, etc. | Gregory T. Everson, Hedy Weinberg. |
| 250 ## - EDITION STATEMENT | |
| Edition statement | Rev. ed. |
| 260 ## - PUBLICATION, DISTRIBUTION, ETC. | |
| Place of publication, distribution, etc. | New York : |
| Name of publisher, distributor, etc. | Hatherleigh Press, |
| Date of publication, distribution, etc. | c1999. |
| 300 ## - PHYSICAL DESCRIPTION | |
| Extent | xx, 255 p. : |
| Other physical details | ill. ; |
| Dimensions | 23 cm. |
| 650 #0 - SUBJECT ADDED ENTRY--TOPICAL TERM | |
| Topical term or geographic name entry element | Hepatitis C |
| Form subdivision | Popular works. |
| 700 1# - ADDED ENTRY--PERSONAL NAME | |
| Personal name | Weinberg, Hedy, |
| Dates associated with a name | 1939- |
| 942 ## - ADDED ENTRY ELEMENTS (KOHA) | |
| Source of classification or shelving scheme | Library of Congress Classification |
| Koha item type | Books |
| Edition | rev. ed. |
| Suppress in OPAC | No |
| 999 ## - | |
| -- | 3716 |
| -- | 3716 |
| Withdrawn status | Lost status | Source of classification or shelving scheme | Damaged status | Not for loan | Collection | Home library | Current library | Shelving location | Date acquired | Total checkouts | Full call number | Barcode | Date last seen | Copy number | Price effective from | Koha item type |
|---|---|---|---|---|---|---|---|---|---|---|---|---|---|---|---|---|
| Library of Congress Classification | Non-fiction | Science Library (Miotso) | Science Library (Miotso) | General stacks | 02/09/2025 | RC848 .H425E95 EVE | SLM00003312 | 02/09/2025 | 1 | 02/09/2025 | Books |